Rodinné a bytové domy : znižovanie energetickej náročnosti : obnova /
Uložené v:
| Hlavný autor: | |
|---|---|
| Médium: | Kniha |
| Jazyk: | Slovak |
| Vydané: |
Pezinok :
DYNAMICS SK,
2015.
|
| Vydanie: | Vyd. 1. |
| Témy: | |
| ISBN: |
9788097194314 (brož.) |
| Fyzický popis: |
159 s. : fotogr., il. ; 21 cm. |
| Tagy: |
Pridať tag
Žiadne tagy, Buďte prvý kto otaguje tento záznam!
|
Titul je dostupný aj v ... 

MARC
| LEADER | 00000nam a2200000 a 4500 | ||
|---|---|---|---|
| 001 | 000484116 | ||
| 005 | 20151113134944.0 | ||
| 008 | 150604s2015 xo ao e f 000 0 slo d | ||
| 020 | |a 9788097194314 (brož.) | ||
| 040 | |a SVKKK |b slo |c SVKKK |e AACR2 | ||
| 041 | 0 | |a slo | |
| 044 | |a xo |c SK | ||
| 072 | 7 | |a 72/76 |x Výtvarné umenie |2 konspekt | |
| 080 | |a 728.3 |2 2001 | ||
| 080 | |a 620.9:330.567.25 |2 2001 | ||
| 080 | |a 620.92/.95 |2 2001 | ||
| 080 | |a 699.86 |2 2001 | ||
| 080 | |a (035) |2 2001 | ||
| 100 | 1 | |a Nekoranec, Pavol |4 aut |4 pht | |
| 245 | 1 | 0 | |a Rodinné a bytové domy : |b znižovanie energetickej náročnosti : obnova / |c [Pavol Nekoranec ; autor fotografií: Pavol Nekoranec]. |
| 246 | 3 | 8 | |a Rodinné a bytové domy - obnova |
| 250 | |a Vyd. 1. | ||
| 260 | |a Pezinok : |b DYNAMICS SK, |c 2015. | ||
| 300 | |a 159 s. : |b fotogr., il. ; |c 21 cm. | ||
| 500 | |a Obsahuje reklam. materiál | ||
| 504 | |a Skratky: s. 154; bibliografia: s. 155-159 | ||
| 650 | 0 | 7 | |a rodinné domy |2 SVKKKPH |
| 650 | 0 | 7 | |a bytové domy |2 SVKKKPH |
| 650 | 0 | 7 | |a energetické úspory |2 SVKKKPH |
| 650 | 0 | 7 | |a alternatívne energetické zdroje |2 SVKKKPH |
| 650 | 0 | 7 | |a tepelná ochrana budov |2 SVKKKPH |
| 650 | 0 | 7 | |a znižovanie energetickej náročnosti |2 SVKKKPH |
| 655 | 7 | |a príručky |2 SVKKKPH | |
| 910 | |a svkkk | ||
| 919 | |a 978-80-971943-1-4 | ||
| 998 | |a BK | ||
| 090 | |g SCKHL |k Sklad Hlavná 10 prízemie |a III.233726 |j 1065755 |i 2720292789 |s Absenčne | ||